| 000 | 00879cam a2200265 i 4500 | ||
|---|---|---|---|
| 001 | 47604 | ||
| 003 | Mx-PuUPA | ||
| 005 | 20240215115849.0 | ||
| 008 | 140415s2000 mx gr 000 0 spa d | ||
| 020 | _a9688562625 | ||
| 040 |
_aMx-PuUPA _bspa _cMx-PuUPA _dMx-PuUPA _erda |
||
| 041 | 0 | _aspa | |
| 100 | 1 |
_aRojas Soriano, Raúl, _eautor _95483 |
|
| 245 | 1 | 0 |
_aGuía para realizar investigaciones sociales / _cRaúl Rojas Soriano |
| 264 | 1 |
_aMéxico, D.F. : _bPlaza y Valdés Editores, _c[2000?] |
|
| 300 |
_a437 páginas ; _c21 cm |
||
| 336 |
_2rdacontent _atexto _btxt |
||
| 337 |
_2rdamedia _asin medio _bn |
||
| 338 |
_2rdacarrier _avolumen _bnc |
||
| 650 | 7 |
_aInvestigación social _2armarc |
|
| 942 |
_2ddc _cLI _h300.018 _iR7413 |
||
| 999 |
_c47604 _d47604 |
||